You are my friends. (Record no. 12662)

000 -LEADER
fixed length control field 00546nam a2200181 a 4500
001 - CONTROL NUMBER
control field :::00010476$&:&@@
003 - CONTROL NUMBER IDENTIFIER
control field OkBaRHE
005 - DATE AND TIME OF LATEST TRANSACTION
control field 20000607103359.0
008 - FIXED-LENGTH DATA ELEMENTS--GENERAL INFORMATION
fixed length control field s1942 j 000 0 eng u
040 ## - CATALOGING SOURCE
Transcribing agency
100 1# - MAIN ENTRY--PERSONAL NAME
Personal name Laubach, Frank Charles, 1884-1970.
245 10 - TITLE STATEMENT
Title You are my friends.
260 ## - PUBLICATION, DISTRIBUTION, ETC. (IMPRINT)
Place of publication, distribution, etc New York, NY., :
Name of publisher, distributor, etc Harper & Brothers
Date of publication, distribution, etc c1942
300 ## - PHYSICAL DESCRIPTION
Extent 178 p. ;
Dimensions 21 cm.
650 ## - SUBJECT ADDED ENTRY--TOPICAL TERM
Topical term or geographic name as entry element Christian Life
942 ## - ADDED ENTRY ELEMENTS (KOHA)
Source of classification or shelving scheme
Koha item type Books
Copies
Withdrawn status Copy number Full call number Lost status Price effective from Date acquired Date last seen Source of classification or shelving scheme Damaged status Permanent Location Koha item type Not for loan Barcode Shelving location
 1BV 4501 .L412 2010-04-142010-04-142010-04-14  RHEMA Bible Training CollegeBooks 10476General Stacks